00339nam a22001337a 450000500170000000800410001702000180005808200120007610000190008824500290010726000370013630000140017365000180018720241030044909.0241030b |||||||| |||| 00| 0 eng d a9781937121518 222a823 aBurr I, Elissa aBetween Heaven and Helen bRocket Science Productionsc1942 a243 p .,  aShort Stories